Unworthy (Record no. 86892)

MARC details
000 -LEADER
fixed length control field 00531nam a2200205Ia 4500
008 - FIXED-LENGTH DATA ELEMENTS--GENERAL INFORMATION
fixed length control field 191130s2009##################000#0#eng##
020 ## - INTERNATIONAL STANDARD BOOK NUMBER
ISBN 9781439103982
082 ## - DEWEY DECIMAL CLASSIFICATION NUMBER
Classification number 813.54 BEY
100 ## - MAIN ENTRY--AUTHOR NAME
Personal name Beyer, Kirsten
245 ## - TITLE STATEMENT
Title Unworthy
Statement of responsibility, etc Kirsten Beyer
260 ## - PUBLICATION, DISTRIBUTION, ETC. (IMPRINT)
Place of publication New York
Name of publisher Pocket Books
Year of publication 2009
300 ## - PHYSICAL DESCRIPTION
Number of Pages 372, [1] p. ; 18 cm
650 ## - SUBJECT ADDED ENTRY--TOPICAL TERM
Topical Term American Fiction
Topical Term Star Trek fiction
991 ## -
-- 285860
Holdings
Withdrawn status Lost status Damaged status Not for loan Home library Current library Date acquired Full call number Accession Number Price effective from Koha item type
        Anna Centenary Library Anna Centenary Library 09.10.2020 813.54 BEY 458308 09.10.2020 English Books

Find us on the map